000 00435nam a2200181Ia 4500
001 7151
003 IN-NITTTR
005 20251114233025.0
008 251113s9999||||xx |||||||||||||| ||eng||
040 _beng
040 _cIN-NITTTR
041 _aeng
082 _a691 R218B
100 _aRagsdale, L. A.
245 0 _aBuilding materials practice /
_cRagsdale, L. A., Raynham, E. A.
700 _a Raynham, E. A.
942 _2ddc
_cBK
999 _c9789
_d9789